| 000 | 00000nam##2200000za#4500 |
| 001 | 9.568387 |
| 003 | CaOODSP |
| 005 | 20240215150447 |
| 007 | cr ||||||||||| |
| 008 | 150406|2004||||xxc|||||o f|0| 0 eng|d |
| 040 | |aCaOODSP|beng |
| 043 | |an-cn--- |
| 086 | 1 |aPS83-3/146E-PDF |
| 110 | 2 |aCorrectional Service Canada. |
| 245 | 10|aCorrectional officer recruits and the prison environment : |h[electronic resource]|ba research framework / |c[by] Philippe Bensimon. |
| 260 | |bCorrectional Service Canada |cJanuary 2004. |
| 300 | |a88p. |
| 490 | 1 |aResearch report|vR-146 |
| 504 | |aBibliography. |
| 590 | |a10-14-Supp|b2010-12-03 |
| 720 | 1 |aBensimon, Philippe |
| 775 | 08|tLa recrue en milieu carcéral : |w(CaOODSP)9.599675 |
| 830 | #0|aResearch report (Correctional Service Canada. Research Branch)|vR-146|w(CaOODSP)9.506063 |
| 856 | 40|ahttp://publications.gc.ca|qPDF|s323 KB|uhttps://publications.gc.ca/collections/collection_2010/scc-csc/PS83-3-146-eng.pdf|yR-146 |